U.S. States in Chinese Pinyin to English - Statistics

General Stats
  • This quiz has been taken 98 times
  • The average score is 24 of 50
Answers on the Map
Answers color-coded by a green-red scale on the quiz's map according to % correct below.
 
Answer Stats
Chinese English % Correct
Kān sà sī Kansas
75%
Ài ào wǎ Iowa
73%
Yóu tā Utah
73%
Mì xī gēn Michigan
72%
Ài dá hé Idaho
70%
Yà lā bā mǎ Alabama
68%
Mì xī xī bǐ Mississippi
68%
Niǔ Yuē New York
67%
Mì sū lǐ Missouri
65%
Fó luó lǐ dá Florida
63%
Lù yì sī ān nà Louisiana
63%
Ā lā sī jiā Alaska
62%
Nán Dá kē tā South Dakota
62%
Yìn dì ān nà Indiana
60%
Nèi bù lā sī jiā Nebraska
60%
Kěn tǎ jī Kentucky
58%
Ā kěn sè Arkansas
57%
Míng ní sū dá Minnesota
57%
Běi Dá kē tā North Dakota
57%
Ào kè lā hé mǎ Oklahoma
57%
Nán Kǎ luó lái nà South Carolina
57%
Yī lì nuò yī Illinois
53%
Nèi huá dá Nevada
52%
Běi Kǎ luó lái nà North Carolina
52%
É hài é Ohio
52%
Mǎ sà zhū sài Massachusetts
50%
Tián nà xī Tennessee
48%
Fú jí ní yà Virginia
45%
Kē luó lā duō Colorado
40%
Xī Fú jí ní yà West Virginia
40%
Wēi sī kāng xīng Wisconsin
40%
Huá shèng dùn Washington
38%
Jiā lì fú ní yà California
37%
Mǎ lǐ lán Maryland
37%
É lè gāng Oregon
37%
Huái é míng Wyoming
37%
Miǎn yīn Maine
35%
Méng dà ná Montana
35%
Xīn Mò xī gē New Mexico
35%
Dé kè sà sī Texas
33%
Xīn Hǎn bù shí ěr New Hampshire
28%
Xīn zé xī New Jersey
25%
Tè lā huá Delaware
23%
Luó dé dǎo Rhode Island
23%
Yà lì sāng nà Arizona
22%
Xià wēi yí Hawaii
22%
Bīn xī fǎ ní yà Pennsylvania
22%
Kāng niè dí gé Connecticut
18%
Fó méng tè Vermont
18%
Qiáo zhì yà Georgia
15%
No matching quizzes found
Score Distribution
Percent of People with Each Score
Percentile by Number Answered
Your Score History
You have not taken this quiz